000 00780nam a22002297a 4500
999 _c13312
_d13312
005 20181217163419.0
010 _aB-267905-930
020 _a0007251327
_c95.00
035 _aB-267905-930
037 _bBlue Berry / 4458 / 8.5.08 / 5 / 8.4.08 / 5.6.08
082 _aN
100 _aStine, R.L.
245 _aMy name is Evil /
_cby R.L. Stine
260 _aNew Delhi
_bHarper Collins Publishers
_c2007
270 _bNew Delhi
_a1A Hamilton House, Connaught Place,
_e110001
300 _a130p.
_c20 cm (pbk)
490 _aThe nightmare room ; 3
650 _aEnglish Novels
700 _a
942 _2ddc
_cCH
_hN
_mSTI